[Event "Sydney op-A"]
[Site "Parramatta"]
[Date "2013.04.03"]
[Round "2"]
[White "Abbott, Peter"]
[Black "Sewell, Bob"]
[Result "1-0"]
[WhiteElo "1975"]
[BlackElo "1472"]
[PlyCount "55"]
[EventDate "2013.04.03"]
[EventType "swiss"]
[EventRounds "9"]
[EventCountry "AUS"]
[SourceTitle "EXT 2023"]
[Source "ChessBase"]
[SourceDate "2022.10.05"]
[SourceVersion "1"]
[SourceVersionDate "2022.10.05"]
[SourceQuality "1"]

1. d4 d5 2. c4 dxc4 3. e4 e6 4. Bxc4 Nc6 5. Nf3 Bb4+ 6. Nc3 Nf6 7. Bg5 h6 8. Bxf6 Qxf6 9. 0-0 0-0 10. e5 Qf4 11. Ne2 Qg4 12. h3 Qg6 13. Nf4 Qf5 14. Bd3 Qxf4 15. g3 Qxf3 16. Qxf3 Nxd4 17. Qe4 Nf5 18. Qxb4 a5 19. Qc4 c6 20. Rad1 Bd7 21. Bxf5 b5 22. Qd3 Ra7 23. Be4 Bc8 24. Bxc6 b4 25. Qd6 Ra6 26. Qxf8+ Kxf8 27. Rd8+ Ke7 28. Re8# 1-0